A dictionary of geography
Αποθηκεύτηκε σε:
| Κύριος συγγραφέας: | |
|---|---|
| Μορφή: | Βιβλίο |
| Γλώσσα: | Undetermined |
| Έκδοση: |
Oxford, UK
Oxford University Press
2004
|
| Θέματα: | |
| Ετικέτες: |
Προσθήκη ετικέτας
Δεν υπάρχουν, Καταχωρήστε ετικέτα πρώτοι!
|
| Thư viện lưu trữ: | Trung tâm Học liệu Trường Đại học Cần Thơ |
|---|
| LEADER | 00515nam a2200205Ia 4500 | ||
|---|---|---|---|
| 001 | CTU_117885 | ||
| 008 | 210402s9999 xx 000 0 und d | ||
| 020 | |c 15.95 | ||
| 082 | |a 910.3 | ||
| 082 | |b M469 | ||
| 100 | |a Mayhew, Susan | ||
| 245 | 2 | |a A dictionary of geography | |
| 245 | 0 | |c Susan Mayhew | |
| 260 | |a Oxford, UK | ||
| 260 | |b Oxford University Press | ||
| 260 | |c 2004 | ||
| 650 | |a geography | ||
| 650 | |x dictionaries | ||
| 904 | |i Minh | ||
| 980 | |a Trung tâm Học liệu Trường Đại học Cần Thơ | ||